| 000 | 00590cam a2200229Ii 4500 | ||
|---|---|---|---|
| 001 | 4615411 | ||
| 003 | ARRUPE | ||
| 005 | 20141003125954.0 | ||
| 008 | 781020s1948 enk 001 0 eng d | ||
| 035 | _a(OCoLC)ocm04309618 | ||
| 035 | _a(NNC)4615411 | ||
| 040 |
_aIEC _cIEC |
||
| 098 | _aRC71.2 | ||
| 100 | 1 |
_aSimon, Ulrich E. _912042 |
|
| 245 | 1 | 0 |
_aTheology of crisis / _cby Ulrich Simon. |
| 260 |
_aLondon : _bS.P.C.K., _c1948. |
||
| 300 |
_a244 p. ; _c22 cm. |
||
| 500 | _aIncludes index. | ||
| 650 | 0 |
_aDialectical theology. _912043 |
|
| 942 |
_2lcc _cMONOGRAPH |
||
| 999 |
_c121074 _d121074 |
||